Представление документа в формате MARC21

Поле Инд. ПП Название Значение
Тип записи a
Библиографический уровень m
001 Контрольный номер 0dae7ef0-a9b3-4afe-844d-bc744c34c09c
005 Дата корректировки 20140703133713.7
008 Кодируемые данные 050415
020 a ISBN 5-241-00434-3
c Цена, тираж 39.50
040 a Служба первич. каталог. НБ ТвГУ
041 a Код языка текста rus
080 a Индекс УДК 37.018.26
084 a Индекс другой классификации/Индекс ББК Ч420.51
090 x Авторский знак П27
a Полочн. индекс Ч420.5
100 1_ a Автор Перекатьева Ольга Владимировна
245 10 a Заглавие Современная работа с родителями в начальной школе
b Продолж. заглавия (Родительские собрания ине только ...) : пособие для учителей нач. шк.
c Ответственность О. В. Перекатьева, С. Н. Подгорная
260 0_ a Место издания Москва
a Место издания Ростов н/Д
b Издательство МарТ
c Дата издания 2004
300 a Объем 191 с.
440 a Серия Школьный корабль : 1-4 кл.
583 a Действие Получение впервые 109 13.04.2005
k Исполнитель действия ООО "Кроун"
650 a Основная рубрика Педагогика школы
650 a Основная рубрика Начальная школа
x Основная подрубрика Работа с родителями
653 a Ключевые слова Педагогика школы
a Ключевые слова Начальная школа
a Ключевые слова Работа с родителями
a Ключевые слова Родительские собрания
a Ключевые слова Воспитание в семье
a Ключевые слова Обучение в семье
a Ключевые слова Физическое воспитание
700 1_ a Другие авторы Подгорная Светлана Николаевна
e Роль лиц авт.
852 t Порядковый номер экземпляра 8
p Инвентарный номер 804853
p Инвентарный номер 804854
p Инвентарный номер 804855
p Инвентарный номер 804856
p Инвентарный номер 804857
p Инвентарный номер 804858
p Инвентарный номер 804859
p Инвентарный номер 804860
888 a За счет средств университета
952 p 109.2005 39.50 1 804853
p 109.2005 39.50 1 804854
p 109.2005 39.50 1 804855
p 109.2005 39.50 1 804856
p 109.2005 39.50 1 804857
p 109.2005 39.50 1 804858
p 109.2005 39.50 1 804859
p 109.2005 39.50 1 804860
c Вид литературы К рн
954 a Дата поступления на обработку 20050419
999 a Подразделение 2 Фил2